• 首页
  • 本馆介绍
  • 公告通知
  • 最新文献
  • 馆藏检索
  • 电子资源
  • 读者导购
  • 参考咨询
  • 我的图书馆
  • 登录
  • 详细信息显示
  • 放入我的书架
  • 预约/预借图书
  • 作者相关作品
  • 分类相关作品
  • 丛书相关作品
  • 出版社相关作品

书目信息

  • 表格格式
  • 工作单格式
  • 卡片格式
题名:
高举邓小平理论伟大旗帜把建设有中国特色社会主义事业全面推向二十一世纪
    
 
作者: 江泽民 报告
分册:  
出版信息: 北京   人民出版社  1997
页数: 57页
开本: 20cm
丛书名:
单 册:
中图分类: D220 , D2-0
科图分类: 33.12426
主题词: 邓小平理论--学习参考资料
电子资源:
ISBN: 7-01-002709-9
000 01012nam0 2200253 45
001 0198026374
005 20070713083705.23
010    @a7-01-002709-9@dCNY2.70
100    @a19980511d1997 kemy0chiy0121 ea
101 0  @achi
102    @aCN@b110000
105    @ay z 000yy
200 10 @a高举邓小平理论伟大旗帜把建设有中国特色社会主义事业全面推向二十一世纪@Agao ju deng xiao ping li lun wei da qi zhi ba jian she you zhong guo te se she hui zhu yi shi ye quan mian tui xiang er shi yi shi ji@e在中国共产党第十五次全国代表大会上的报告(1997年9月12日)@f江泽民报告
210    @a北京@c人民出版社@d1997
215    @a57页@d20cm
517 1  @a在中国共产党第十五次全国代表大会上的报告@Azai zhong guo gong chan dang di shi wu ci quan guo dai biao da hui shang de bao gao
601 12 @a中共十五大(1997)@x报告
606    @a邓小平理论@x学习参考资料
690    @aD220@v3
690    @aD2-0@v3
692    @a33.12426@v2
701  0 @a江泽民@Ajiang ze min@4报告
801  0 @aCN@bTSSF@c20070713
905    @a10447@dD220@e141
    
    高举邓小平理论伟大旗帜把建设有中国特色社会主义事业全面推向二十一世纪:在中国共产党第十五次全国代表大会上的报告(1997年9月12日)/江泽民报告.-北京:人民出版社,1997
    57页;20cm
    
    
    ISBN 7-01-002709-9:CNY2.70
    
●
相关链接 在E读中查询图书 在五车中查询图书 在当当中查询图书 在豆瓣中查询图书


正题名:高举邓小平理论伟大旗帜把建设有中国特色社会主义事业全面推向二十一世纪     索取号:D220/141         预约/预借

序号 登录号 条形码 馆藏地/架位号 状态 备注
1 0768375   207683755   第一样本阅览室/ [索取号:D220/141] 在馆    
唐山师范学院图书馆 欢迎您!
大连网信软件有限公司© 版权所有